000 01095nam a22002537a 4500
999 _c65654
_d65654
005 20240530110836.0
008 190909s2006 ua a f b 000 0aara d
017 _bمصر. دار الكتب
020 _a920631597
040 _aEG-CaGPL
_cEG-CaGPL
082 0 4 _221
_a070.50962
_bق/أ أ
100 0 _aاكمل الدين احسان اوغلى
245 1 2 _aالاتراك فى مصر وتراثهم الثقافى :
_bدراسة تحليلية وثبت ببليوغرافى لارثهم المطبوع منذ عهد محمد على /
_cاكمل الدين احسان اوغلى
260 _c2006 .
300 _a779 ص. :
_bايض ؛
_c24 سم .
490 0 _aسلسلة التاريخ والثقافه التركيه فى مصر.
650 0 7 _2qrmak
_aاللغة التركية
_zمصر
650 0 7 _2qrmak
_aالمطبوعات التركية
_zمصر
650 0 7 _2qrmak
_aالصحف التركية
_zمصر
651 _2qrmak
700 0 _aصالح سعداوى
_eترجمه
942 _2ddc
_cBK